[Event "Chigorin Memorial 2018"]
[Site "St. Petersburg"]
[Date "2018.10.27"]
[Round "1.48"]
[White "Apryshko, Gleb"]
[Black "Mkrtchyan, Mariam"]
[Result "1-0"]
[WhiteElo "2399"]
[BlackElo "2001"]
[PlyCount "77"]
[EventDate "2018.10.27"]
[EventType "swiss"]
[EventCountry "RUS"]
[WhiteTeam "Russland"]
[BlackTeam "Armenien"]
[WhiteTeamCountry "RUS"]
[BlackTeamCountry "ARM"]

1. g3 g6 2. Bg2 Bg7 3. Nf3 e5 4. O-O Ne7 5. c4 O-O 6. Nc3 c6 7. d4 exd4 8. Nxd4 d5 9. cxd5 Nxd5 10. Nxc6 Nxc6 11. Nxd5 Be6 12. e4 Rc8 13. Qa4 Na5 14. Rb1 a6 15. b3 b5 16. Qa3 Rc2 17. Nb4 Rc8 18. Nxa6 Ra8 19. Nc5 Nc6 20. Nxe6 fxe6 21. Qc5 Nd4 22. Bg5 Qd7 23. e5 Rxa2 24. Qd6 Qa7 25. Be3 Ne2+ 26. Kh1 Qf7 27. Ra1 Rc2 28. Qd3 Rfc8 29. Ra8 Qc7 30. Rxc8+ Qxc8 31. Be4 Ra2 32. Bd2 Bxe5 33. Qxe2 Bc3 34. Rc1 b4 35. Qd3 Qc5 36. Be3 Qc7 37. Rd1 Ra1 38. Rxa1 Bxa1 39. Qb5 1-0

[Event "Chigorin Memorial 2018"]
[Site "St. Petersburg"]
[Date "2018.10.27"]
[Round "1.49"]
[White "Vasilyev, Alexey"]
[Black "Timerkhanov, Alexander"]
[Result "0-1"]
[WhiteElo "1995"]
[BlackElo "2398"]
[PlyCount "106"]
[EventDate "2018.10.27"]
[EventType "swiss"]
[EventCountry "RUS"]
[WhiteTeam "Russland"]
[BlackTeam "Russland"]
[WhiteTeamCountry "RUS"]
[BlackTeamCountry "RUS"]

1. e4 c5 2. Nf3 d6 3. d4 cxd4 4. Nxd4 Nf6 5. Nc3 a6 6. Be2 e5 7. Nf3 h6 8. Nd2 b5 9. a4 b4 10. Nd5 Nxd5 11. exd5 Bb7 12. O-O Be7 13. a5 Bxd5 14. Nc4 Bxc4 15. Bxc4 Nd7 16. Be3 Nf6 17. Qd3 Qc8 18. Rfd1 O-O 19. Bb6 d5 20. Bb3 Qc6 21. Rac1 d4 22. Re1 Bd6 23. c4 bxc3 24. bxc3 Rfc8 25. c4 e4 26. Qxd4 Bc5 27. Bxc5 Qxc5 28. Qc3 Rab8 29. Ba2 Rb4 30. Rc2 Ra4 31. Bb3 Rxa5 32. Ra2 Rxa2 33. Bxa2 Rd8 34. h3 Rd3 35. Qb2 Qa5 36. Rc1 Rd2 37. Qb8+ Kh7 38. Bb1 Qc5 39. Qf4 Rd4 40. Qe3 g6 41. Qf4 Kg7 42. Qe3 a5 43. Ba2 a4 44. Rb1 a3 45. Rb3 Rd1+ 46. Kh2 Qe5+ 47. f4 Qa1 48. Rxa3 Rh1+ 49. Kg3 Nh5+ 50. Kh4 Qf6+ 51. Kg4 Qe6+ 52. Kh4 Qe7+ 53. Kg4 f5# 0-1

[Event "Chigorin Memorial 2018"]
[Site "St. Petersburg"]
[Date "2018.10.27"]
[Round "1.50"]
[White "Pershin, Denis"]
[Black "Yudkevich, Mikhail"]
[Result "1-0"]
[WhiteElo "2397"]
[BlackElo "1993"]
[PlyCount "61"]
[EventDate "2018.10.27"]
[EventType "swiss"]
[EventCountry "RUS"]
[WhiteTeam "Russland"]
[BlackTeam "Russland"]
[WhiteTeamCountry "RUS"]
[BlackTeamCountry "RUS"]

1. e4 e6 2. d4 d5 3. Nc3 Bb4 4. e5 c5 5. a3 Bxc3+ 6. bxc3 Ne7 7. Qg4 O-O 8. Bd3 Nbc6 9. Nf3 f5 10. Qg3 Qa5 11. Bd2 c4 12. Be2 Bd7 13. h4 Kh8 14. h5 f4 15. Qg4 Nf5 16. O-O Nh6 17. Qh3 Rf5 18. g4 fxg3 19. fxg3 Raf8 20. g4 R5f7 21. g5 Ng8 22. g6 Rf5 23. h6 hxg6 24. hxg7+ Kxg7 25. Ng5 Rxf1+ 26. Rxf1 Rxf1+ 27. Kxf1 Nh6 28. Nh7 Ng8 29. Nf6 Nxf6 30. Qh6+ Kf7 31. exf6 1-0

[Event "Chigorin Memorial 2018"]
[Site "St. Petersburg"]
[Date "2018.10.27"]
[Round "1.51"]
[White "Rudikov, Dmitry"]
[Black "Kukhmazov, Arsen"]
[Result "0-1"]
[WhiteElo "1990"]
[BlackElo "2395"]
[PlyCount "64"]
[EventDate "2018.10.27"]
[EventType "swiss"]
[EventCountry "RUS"]
[WhiteTeam "Russland"]
[BlackTeam "Russland"]
[WhiteTeamCountry "RUS"]
[BlackTeamCountry "RUS"]

1. d4 Nf6 2. c4 e6 3. g3 Bb4+ 4. Bd2 Be7 5. Bg2 d5 6. Nf3 O-O 7. O-O Nbd7 8. Nc3 dxc4 9. e4 c6 10. a4 e5 11. dxe5 Ng4 12. Bf4 Qa5 13. e6 fxe6 14. Bd6 Bxd6 15. Qxd6 Nde5 16. Nxe5 Nxe5 17. Rad1 Nd3 18. e5 Nxe5 19. Rfe1 Nf7 20. Qe7 Qb6 21. Be4 g6 22. Bxg6 hxg6 23. Ne4 Qxb2 24. Nf6+ Kg7 25. Ne8+ Rxe8 26. Qxe8 Qf6 27. f4 c3 28. Re2 Qf5 29. Qe7 b6 30. Re5 c2 31. Rde1 Qd3 32. R5e3 Qxe3+ 0-1

[Event "Chigorin Memorial 2018"]
[Site "St. Petersburg"]
[Date "2018.10.27"]
[Round "1.52"]
[White "Yashmetov, Mikhail"]
[Black "Popovich, Alexey"]
[Result "1-0"]
[WhiteElo "2394"]
[BlackElo "1984"]
[PlyCount "89"]
[EventDate "2018.10.27"]
[EventType "swiss"]
[EventCountry "RUS"]
[WhiteTeam "Russland"]
[BlackTeam "Russland"]
[WhiteTeamCountry "RUS"]
[BlackTeamCountry "RUS"]

1. Nf3 d5 2. g3 c6 3. Bg2 Bg4 4. c4 e6 5. cxd5 exd5 6. O-O Nf6 7. d3 Be7 8. h3 Bf5 9. Nc3 O-O 10. Nh4 Bc8 11. e4 dxe4 12. dxe4 Nbd7 13. Nf5 Bb4 14. Bg5 Ne5 15. Nh6+ gxh6 16. Qxd8 Rxd8 17. Bxf6 Re8 18. Rfd1 Nd7 19. Bh4 Be7 20. Bxe7 Rxe7 21. f4 f6 22. Rd6 Kf7 23. Rad1 Nb6 24. b3 a5 25. Rd8 Rd7 26. R8xd7+ Nxd7 27. Na4 b5 28. Nc3 Ke7 29. e5 Ra6 30. Rd6 fxe5 31. Rxh6 exf4 32. Rxh7+ Ke6 33. Rh6+ Kf7 34. gxf4 Nf6 35. Ne4 Nxe4 36. Bxe4 c5 37. Rh7+ Kf6 38. Rh8 Be6 39. f5 Ke5 40. fxe6 Rxe6 41. Bd3 b4 42. Rd8 Kf4 43. Kf2 Rh6 44. Rf8+ Ke5 45. Rf3 1-0

[Event "Chigorin Memorial 2018"]
[Site "St. Petersburg"]
[Date "2018.10.27"]
[Round "1.53"]
[White "Wartiovaara, Oliver"]
[Black "Popov, Mikhail"]
[Result "0-1"]
[WhiteElo "1984"]
[BlackElo "2394"]
[PlyCount "112"]
[EventDate "2018.10.27"]
[EventType "swiss"]
[EventCountry "RUS"]
[WhiteTeam "Finnland"]
[BlackTeam "Russland"]
[WhiteTeamCountry "FIN"]
[BlackTeamCountry "RUS"]

1. d4 g6 2. c4 Bg7 3. Nf3 d6 4. g3 c5 5. Bg2 Nc6 6. d5 Na5 7. O-O Bd7 8. Nbd2 b5 9. cxb5 Bxb5 10. Rb1 Qd7 11. Ne1 Nf6 12. Nc2 O-O 13. Na3 Ba6 14. b3 Rab8 15. Bb2 Qc7 16. Re1 e6 17. dxe6 fxe6 18. e4 d5 19. exd5 exd5 20. Be5 Qf7 21. Bxb8 Rxb8 22. Qf3 Nc6 23. Nc2 Bh6 24. Nc4 Rf8 25. Bh3 Ne4 26. Qxf7+ Kxf7 27. Rxe4 dxe4 28. Bg2 Rb8 29. N2e3 Bxe3 30. Nxe3 Bd3 31. Rc1 Rb5 32. Nc4 Nd4 33. Bf1 Bxf1 34. Kxf1 Ke6 35. Nd2 Kd5 36. Re1 Nf3 37. Nxf3 exf3 38. Re3 Ra5 39. Rd3+ Ke4 40. Re3+ Kd4 41. a4 c4 42. Rxf3 c3 43. Ke1 g5 44. Kd1 Re5 45. Rf7 a5 46. Rxh7 Rf5 47. f4 gxf4 48. Rh4 Kd3 49. Rxf4 Re5 50. Rf3+ Kd4 51. Rf4+ Kd3 52. Rf1 Re3 53. Kc1 Re2 54. Rh1 Rc2+ 55. Kb1 Rb2+ 56. Kc1 Rxb3 0-1

[Event "Chigorin Memorial 2018"]
[Site "St. Petersburg"]
[Date "2018.10.27"]
[Round "1.54"]
[White "Badelka, Olga"]
[Black "Ter-Saakian, Grigorii"]
[Result "1/2-1/2"]
[WhiteElo "2394"]
[BlackElo "1982"]
[PlyCount "116"]
[EventDate "2018.10.27"]
[EventType "swiss"]
[EventCountry "RUS"]
[WhiteTeam "Weißrussland"]
[BlackTeam "Russland"]
[WhiteTeamCountry "BLR"]
[BlackTeamCountry "RUS"]

1. d4 Nf6 2. c4 c5 3. Nf3 g6 4. Nc3 cxd4 5. Nxd4 Bg7 6. e4 d6 7. Be2 O-O 8. Be3 Nc6 9. Nc2 Bd7 10. O-O Rc8 11. h3 Ne8 12. Qd2 Qa5 13. Rab1 Bxc3 14. bxc3 Nf6 15. f3 Qc7 16. Na3 b6 17. Nb5 Qb7 18. Bg5 Ne8 19. f4 f6 20. Bh6 Rf7 21. Bf3 Be6 22. e5 Bxc4 23. e6 Rf8 24. Bxf8 Kxf8 25. Rfe1 Qa6 26. Bxc6 Rxc6 27. Nd4 Rc5 28. f5 Kg7 29. fxg6 hxg6 30. a4 d5 31. h4 Nd6 32. h5 Qc8 33. Re3 Qe8 34. Rh3 g5 35. Qf2 Rc8 36. Nf5+ Nxf5 37. Qxf5 Kh6 38. Ra1 Rc6 39. Re1 Rd6 40. Rg3 Qg8 41. Qb1 Qh7 42. Qxh7+ Kxh7 43. Rf3 Rd8 44. Kf2 Bb3 45. Ra1 Rd6 46. Re3 Bc2 47. a5 b5 48. a6 Ba4 49. Rd3 Bb3 50. Rd4 Rxe6 51. Re1 Rxe1 52. Kxe1 f5 53. g4 f4 54. Rb4 Bc4 55. Kf2 e5 56. Rb1 e4 57. Rb2 Kg7 58. Rb1 Kh6 1/2-1/2

[Event "Chigorin Memorial 2018"]
[Site "St. Petersburg"]
[Date "2018.10.27"]
[Round "1.55"]
[White "Yarosh, Ruslan"]
[Black "Kotlyar, Kirill"]
[Result "0-1"]
[WhiteElo "1981"]
[BlackElo "2390"]
[PlyCount "80"]
[EventDate "2018.10.27"]
[EventType "swiss"]
[EventCountry "RUS"]
[WhiteTeam "Russland"]
[BlackTeam "Russland"]
[WhiteTeamCountry "RUS"]
[BlackTeamCountry "RUS"]

1. d4 Nf6 2. Nf3 e6 3. Bg5 c5 4. e3 Qb6 5. Bxf6 Qxb2 6. Nbd2 gxf6 7. c4 cxd4 8. Rb1 Qa3 9. exd4 Be7 10. Be2 O-O 11. Rb3 Qd6 12. Re3 f5 13. Bd3 Nc6 14. O-O Bf6 15. d5 Ne7 16. Nb3 Ng6 17. Nfd4 Qf4 18. Ne2 Qh6 19. Ned4 Bg7 20. Rh3 Qf4 21. Ne2 Qg5 22. Rg3 Qe7 23. Ned4 d6 24. Re1 Qf6 25. Rf3 Ne5 26. Rf4 Bh6 27. Rf3 Nxf3+ 28. Qxf3 Kh8 29. Kh1 Rg8 30. Bb1 Rb8 31. Nb5 exd5 32. Qxd5 Be6 33. Qd4 Qxd4 34. N3xd4 Bxc4 35. Nxd6 Bd5 36. f3 Rbd8 37. N6xf5 Rge8 38. Rf1 Bf8 39. h3 Bc5 40. Rd1 Be6 0-1

[Event "Chigorin Memorial 2018"]
[Site "St. Petersburg"]
[Date "2018.10.27"]
[Round "1.56"]
[White "Gogolev, Artem"]
[Black "Ismagilov, Igor"]
[Result "1-0"]
[WhiteElo "2389"]
[BlackElo "1979"]
[PlyCount "95"]
[EventDate "2018.10.27"]
[EventType "swiss"]
[EventCountry "RUS"]
[WhiteTeam "Russland"]
[BlackTeam "Russland"]
[WhiteTeamCountry "RUS"]
[BlackTeamCountry "RUS"]

1. c4 Nf6 2. Nf3 c5 3. e3 Nc6 4. d4 cxd4 5. exd4 d5 6. Nc3 Bg4 7. cxd5 Nxd5 8. Qb3 Bxf3 9. gxf3 Ndb4 10. Bb5 e6 11. Be3 a6 12. Bxc6+ bxc6 13. Ke2 Rb8 14. Qc4 Qd7 15. Rac1 Nd5 16. b3 Ba3 17. Rc2 Qb7 18. Rg1 g6 19. Nxd5 cxd5 20. Qc6+ Qxc6 21. Rxc6 Ra8 22. Bf4 O-O 23. Bc1 Be7 24. Bh6 Rfe8 25. Rgc1 Bf6 26. Kd3 Bg7 27. Bf4 f6 28. R1c5 a5 29. a4 Bf8 30. Rb5 Bb4 31. Rb7 Rac8 32. Rxc8 Rxc8 33. Bd2 Bxd2 34. Kxd2 Ra8 35. Kc3 h5 36. f4 g5 37. fxg5 fxg5 38. b4 axb4+ 39. Kxb4 Rf8 40. a5 Rxf2 41. a6 Rxh2 42. Ka3 Rh1 43. Ka2 Rh2+ 44. Rb2 Rxb2+ 45. Kxb2 h4 46. a7 g4 47. a8=Q+ Kg7 48. Qd8 1-0

[Event "Chigorin Memorial 2018"]
[Site "St. Petersburg"]
[Date "2018.10.27"]
[Round "1.57"]
[White "Protasova, Anastasia"]
[Black "Nikitenko, Mihail"]
[Result "0-1"]
[WhiteElo "1974"]
[BlackElo "2389"]
[PlyCount "50"]
[EventDate "2018.10.27"]
[EventType "swiss"]
[EventCountry "RUS"]
[WhiteTeam "Russland"]
[BlackTeam "Weißrussland"]
[WhiteTeamCountry "RUS"]
[BlackTeamCountry "BLR"]

1. d4 d5 2. c4 c6 3. e3 Nf6 4. Nc3 e6 5. Nf3 Nbd7 6. Qc2 Bd6 7. g4 h6 8. Rg1 e5 9. cxd5 cxd5 10. Nb5 Bb8 11. Bd2 e4 12. Rc1 O-O 13. Nh4 Bxh2 14. Rg2 Nxg4 15. Rxg4 h5 16. Rg3 Nb6 17. Ng6 fxg6 18. Rxg6 Bg4 19. Bb4 Rc8 20. Qd2 Rxc1+ 21. Qxc1 Rxf2 22. Rxg4 Qf6 23. Rf4 Bxf4 24. exf4 Qh4 25. Be2 Rf1+ 0-1

[Event "Chigorin Memorial 2018"]
[Site "St. Petersburg"]
[Date "2018.10.27"]
[Round "1.58"]
[White "Saydaliev, Saidakbar"]
[Black "Pestryakov, Nikita"]
[Result "1-0"]
[WhiteElo "2385"]
[BlackElo "1959"]
[PlyCount "43"]
[EventDate "2018.10.27"]
[EventType "swiss"]
[EventCountry "RUS"]
[WhiteTeam "Usbekistan"]
[BlackTeam "Russland"]
[WhiteTeamCountry "UZB"]
[BlackTeamCountry "RUS"]

1. Nf3 Nf6 2. g3 d5 3. Bg2 g6 4. b3 Bg7 5. Bb2 O-O 6. O-O c5 7. c4 e6 8. cxd5 exd5 9. d4 Ne4 10. Qc1 Nc6 11. dxc5 Bxb2 12. Qxb2 Nxc5 13. Rd1 Be6 14. Nbd2 Rc8 15. h4 Qb6 16. h5 Ne4 17. Nxe4 dxe4 18. h6 f6 19. Ng5 Bg4 20. Nxe4 Ne5 21. Rd6 Rc6 22. Rad1 1-0

[Event "Chigorin Memorial 2018"]
[Site "St. Petersburg"]
[Date "2018.10.27"]
[Round "1.59"]
[White "Putrenko, Kirill"]
[Black "Anikonov, Dmitry"]
[Result "0-1"]
[WhiteElo "1955"]
[BlackElo "2382"]
[PlyCount "76"]
[EventDate "2018.10.27"]
[EventType "swiss"]
[EventCountry "RUS"]
[WhiteTeam "Russland"]
[BlackTeam "Russland"]
[WhiteTeamCountry "RUS"]
[BlackTeamCountry "RUS"]

1. Nf3 Nf6 2. b3 d5 3. Bb2 Bg4 4. g3 Nbd7 5. Bg2 Bxf3 6. exf3 e6 7. d3 Bd6 8. Nd2 e5 9. Qe2 O-O 10. O-O Re8 11. Rfe1 c6 12. Nf1 a5 13. a3 Qb6 14. Qd2 Bc5 15. Re2 Bd4 16. Bxd4 exd4 17. Rxe8+ Rxe8 18. Re1 Rxe1 19. Qxe1 Qc5 20. Qc1 Qc3 21. f4 Nc5 22. Qd2 a4 23. b4 Na6 24. Qc1 Nc7 25. Nd2 Nb5 26. Nb1 Qa1 27. Qf1 Nxa3 28. Nxa3 Qxa3 29. Qe1 Nd7 30. Qe7 Qc1+ 31. Bf1 Nf8 32. Qxb7 a3 33. Qa6 Qb2 34. b5 a2 35. bxc6 a1=Q 36. Qc8 Qbc1 37. Qh3 Qxc2 38. c7 Qxc7 0-1

[Event "Chigorin Memorial 2018"]
[Site "St. Petersburg"]
[Date "2018.10.27"]
[Round "1.60"]
[White "Salemgareev, Tagir"]
[Black "Tskhadadze, Anna"]
[Result "1/2-1/2"]
[WhiteElo "2381"]
[BlackElo "1952"]
[PlyCount "172"]
[EventDate "2018.10.27"]
[EventType "swiss"]
[EventCountry "RUS"]
[WhiteTeam "Russland"]
[BlackTeam "Russland"]
[WhiteTeamCountry "RUS"]
[BlackTeamCountry "RUS"]

1. d4 d5 2. c4 e6 3. Nc3 Nf6 4. cxd5 exd5 5. Bg5 Be7 6. e3 O-O 7. Bd3 Nbd7 8. Nge2 c6 9. Qc2 Re8 10. O-O Nf8 11. f3 g6 12. Rad1 Ne6 13. Bh4 Nh5 14. Bf2 Bd6 15. Kh1 Qc7 16. Bg1 Bd7 17. Qc1 Rac8 18. e4 Nef4 19. e5 Nxd3 20. Rxd3 Bf8 21. Be3 Ng7 22. Bg5 b5 23. h3 b4 24. Na4 c5 25. Nxc5 Bxc5 26. dxc5 Qxe5 27. Nd4 Nh5 28. Bh4 Qc7 29. c6 Bxc6 30. Nxc6 Qxc6 31. Qxc6 Rxc6 32. Rxd5 Rc2 33. g4 Ree2 34. Rf2 Rxf2 35. Bxf2 Rxf2 36. gxh5 gxh5 37. Rxh5 Rxb2 38. Ra5 Rf2 39. Rxa7 Rxf3 40. Ra4 Rxh3+ 41. Kg2 Ra3 42. Rxb4 Rxa2+ 43. Kg3 Ra6 44. Rb5 Kg7 45. Kg4 h6 46. Kh5 Ra1 47. Rb6 Rh1+ 48. Kg4 Rg1+ 49. Kh4 Rg6 50. Rb5 Re6 51. Kh5 Re2 52. Rb6 Re5+ 53. Kg4 f6 54. Rb8 Kg6 55. Rg8+ Kf7 56. Ra8 Re8 57. Ra1 Kg6 58. Kf4 Re5 59. Ra8 h5 60. Rg8+ Kf7 61. Ra8 Rb5 62. Rc8 Kg7 63. Ra8 h4 64. Kg4 Rb4+ 65. Kf5 h3 66. Ra7+ Kh6 67. Ra8 Rb5+ 68. Kg4 Rb3 69. Kf5 Rg3 70. Rh8+ Kg7 71. Rh4 Rb3 72. Kg4 Kg6 73. Rh8 Ra3 74. Kf4 Kg7 75. Rh5 Kg6 76. Rh8 f5 77. Rg8+ Kh7 78. Rg1 h2 79. Rh1 Kg6 80. Rxh2 Ra4+ 81. Kf3 Ra3+ 82. Kf4 Ra4+ 83. Kf3 Kg5 84. Rg2+ Kf6 85. Rg8 Ra3+ 86. Kf4 Ra4+ 1/2-1/2

[Event "Chigorin Memorial 2018"]
[Site "St. Petersburg"]
[Date "2018.10.27"]
[Round "1.61"]
[White "Razumovskiy, Mikhail"]
[Black "Nesterov, Arseniy"]
[Result "0-1"]
[WhiteElo "1944"]
[BlackElo "2378"]
[PlyCount "72"]
[EventDate "2018.10.27"]
[EventType "swiss"]
[EventCountry "RUS"]
[WhiteTeam "Russland"]
[BlackTeam "Russland"]
[WhiteTeamCountry "RUS"]
[BlackTeamCountry "RUS"]

1. d4 Nf6 2. c4 e6 3. g3 d5 4. Bg2 dxc4 5. Nf3 Bd7 6. Ne5 Bc6 7. Nxc6 Nxc6 8. Qa4 Qd7 9. Qxc4 Nxd4 10. O-O c5 11. a4 Be7 12. Bf4 Nd5 13. e3 Nxf4 14. gxf4 Nc6 15. a5 a6 16. Nc3 O-O 17. Rfd1 Qc7 18. Qa4 Rfd8 19. Bxc6 bxc6 20. Rxd8+ Rxd8 21. Qc4 Qb7 22. Rb1 h6 23. f3 Qb4 24. Qxa6 c4 25. Qxc6 Bc5 26. a6 Bxe3+ 27. Kh1 Bxf4 28. a7 Qa5 29. Qxc4 Be3 30. b4 Qxa7 31. Ne4 Qb8 32. b5 Qf4 33. Kg2 Kh8 34. b6 Bxb6 35. Rxb6 f5 36. Rxe6 fxe4 0-1

[Event "Chigorin Memorial 2018"]
[Site "St. Petersburg"]
[Date "2018.10.27"]
[Round "1.62"]
[White "Brikov, Illarion"]
[Black "Zasukhin, Mikhail"]
[Result "1-0"]
[WhiteElo "2371"]
[BlackElo "1943"]
[PlyCount "111"]
[EventDate "2018.10.27"]
[EventType "swiss"]
[EventCountry "RUS"]
[WhiteTeam "Russland"]
[BlackTeam "Russland"]
[WhiteTeamCountry "RUS"]
[BlackTeamCountry "RUS"]

1. d4 c6 2. c4 d5 3. Nc3 Nf6 4. e3 g6 5. Nf3 Bg7 6. Ne5 O-O 7. Be2 a6 8. O-O Nbd7 9. f4 e6 10. b3 Qb6 11. Ba3 Re8 12. Qc2 Nf8 13. Bd6 Bd7 14. Bd3 Rec8 15. c5 Qd8 16. Na4 Ne8 17. Bxf8 Bxf8 18. Nb6 Nf6 19. Nxa8 Rxa8 20. b4 Be8 21. a4 Nd7 22. Nxd7 Bxd7 23. b5 a5 24. Rab1 Be7 25. bxc6 bxc6 26. Rb3 Bc8 27. Rfb1 Qc7 28. Qb2 Bd8 29. Rb8 Rxb8 30. Qxb8 Kg7 31. Qa8 Bf6 32. Rb8 Bxd4 33. Rxc8 Bxe3+ 34. Kh1 Qxf4 35. Qb8 Qd4 36. Qb1 Qxc5 37. Bb5 d4 38. Rxc6 Qh5 39. Qf1 Qe5 40. Ra6 Qc7 41. Qc4 Qxc4 42. Bxc4 Bd2 43. Ra7 Kf6 44. g3 h5 45. Kg2 Bb4 46. Kf3 Bc3 47. Ke4 g5 48. Bb5 Kg6 49. Be8 g4 50. Rxf7 Kg5 51. Rf1 h4 52. Bf7 hxg3 53. hxg3 e5 54. Bc4 Kg6 55. Bd3 Kg5 56. Kxe5 1-0

[Event "Chigorin Memorial 2018"]
[Site "St. Petersburg"]
[Date "2018.10.27"]
[Round "1.63"]
[White "Usacheva, Glafira"]
[Black "Schekachikhin, Maksim"]
[Result "0-1"]
[WhiteElo "1939"]
[BlackElo "2370"]
[PlyCount "150"]
[EventDate "2018.10.27"]
[EventType "swiss"]
[EventCountry "RUS"]
[WhiteTeam "Russland"]
[BlackTeam "Russland"]
[WhiteTeamCountry "RUS"]
[BlackTeamCountry "RUS"]

1. d4 Nf6 2. c4 e6 3. Nf3 b6 4. g3 Ba6 5. Qc2 Bb7 6. Bg2 Bb4+ 7. Bd2 Bxd2+ 8. Nbxd2 c5 9. O-O cxd4 10. Nxd4 Bxg2 11. Kxg2 O-O 12. Rad1 Qc7 13. Qd3 Nc6 14. N2f3 a6 15. a3 Rac8 16. b3 Rfd8 17. e4 h6 18. Rfe1 Nxd4 19. Qxd4 d6 20. Rd3 b5 21. cxb5 axb5 22. Qb4 d5 23. e5 Ne4 24. Nd4 Qa7 25. Re2 Rc1 26. Nxb5 Qa8 27. Rd4 Rdc8 28. Nd6 Rb8 29. Qa4 Qxa4 30. bxa4 Nxd6 31. exd6 Rd8 32. Rb2 Rxd6 33. Rb8+ Kh7 34. Rb7 f5 35. Re7 Kg6 36. Rb4 Kf6 37. Rbb7 Ke5 38. Kf3 g5 39. Rb3 d4 40. Rd3 g4+ 41. Ke2 Ke4 42. Rb7 Rdc6 43. Rb2 e5 44. a5 R1c5 45. Rb6 Rc2+ 46. Rd2 d3+ 47. Ke1 Rxd2 48. Kxd2 Rc2+ 49. Ke1 Kf3 50. Rf6 Re2+ 51. Kd1 Ke4 52. a6 Ra2 53. Rxh6 Rxa3 54. Rd6 Kf3 55. Rf6 f4 56. gxf4 exf4 57. Ke1 Ra2 58. Rd6 Ra3 59. Rf6 Ra1+ 60. Kd2 Rf1 61. Kxd3 Rxf2 62. a7 Ra2 63. Rf7 Ra4 64. Kd2 Ra3 65. Kd1 Ke3 66. Re7+ Kf2 67. Rg7 g3 68. hxg3 f3 69. Rf7 Kg2 70. Kd2 f2 71. Ke2 Ra2+ 72. Ke3 f1=Q 73. Rxf1 Kxf1 74. g4 Kg2 75. Kf4 Kh3 0-1

[Event "Chigorin Memorial 2018"]
[Site "St. Petersburg"]
[Date "2018.10.27"]
[Round "1.64"]
[White "Vdovin, Vadim"]
[Black "Pavlov, Mark"]
[Result "1-0"]
[WhiteElo "2369"]
[BlackElo "1924"]
[PlyCount "129"]
[EventDate "2018.10.27"]
[EventType "swiss"]
[EventCountry "RUS"]
[WhiteTeam "Russland"]
[BlackTeam "Russland"]
[WhiteTeamCountry "RUS"]
[BlackTeamCountry "RUS"]

1. e4 e6 2. f4 d5 3. e5 c5 4. Nf3 Nc6 5. c3 Nge7 6. Bd3 Nf5 7. O-O c4 8. Bxf5 exf5 9. d4 Be7 10. b3 Be6 11. Rf2 O-O 12. b4 b5 13. a4 a6 14. Rfa2 Rb8 15. axb5 axb5 16. Bd2 Qb6 17. Na3 Qb7 18. Nc2 Ra8 19. Qb1 g6 20. Be1 Rfb8 21. Bh4 Bxh4 22. Nxh4 Na7 23. Nf3 Nc8 24. Qe1 h6 25. Qh4 Kg7 26. Qf6+ Kh7 27. Nh4 Rxa2 28. Rxa2 Qe7 29. Qxe7 Nxe7 30. Ra5 Nc8 31. Na3 Bd7 32. g3 Kg7 33. Ng2 Kf8 34. Ne3 Bc6 35. h3 Ke7 36. g4 Ke6 37. Kf2 Ne7 38. Ra6 Kd7 39. Ra7+ Ke8 40. Kg3 fxg4 41. hxg4 Bd7 42. Ra6 Be6 43. Ra5 Bd7 44. Kf3 Kd8 45. Kg3 Ke8 46. f5 gxf5 47. gxf5 Nxf5+ 48. Nxf5 Bxf5 49. Nxb5 Be6 50. Nc7+ Kd7 51. Nxd5 Rg8+ 52. Kf4 Rg4+ 53. Kf3 Rh4 54. Nf4 Rh1 55. d5 Bf5 56. Ra7+ Ke8 57. Ra8+ Kd7 58. Ra7+ Ke8 59. d6 Rf1+ 60. Kg3 Re1 61. Nh5 Rg1+ 62. Kf2 Rg6 63. Nf6+ Kf8 64. Ra8+ Kg7 65. Rg8# 1-0

[Event "Chigorin Memorial 2018"]
[Site "St. Petersburg"]
[Date "2018.10.27"]
[Round "1.65"]
[White "Kundianok, Vladislav"]
[Black "Makarian, Rudik"]
[Result "1/2-1/2"]
[WhiteElo "1918"]
[BlackElo "2366"]
[PlyCount "262"]
[EventDate "2018.10.27"]
[EventType "swiss"]
[EventCountry "RUS"]
[WhiteTeam "Russland"]
[BlackTeam "Russland"]
[WhiteTeamCountry "RUS"]
[BlackTeamCountry "RUS"]

1. e4 g6 2. d4 Bg7 3. f4 c6 4. Nf3 d5 5. e5 h5 6. Bd3 Nh6 7. c3 Bf5 8. O-O e6 9. b4 Nd7 10. a4 Bf8 11. a5 Be7 12. Be2 Bg4 13. Na3 Nf5 14. Nc2 b5 15. Ne3 Qc7 16. Ng5 Bxe2 17. Qxe2 Nf8 18. Nxf5 exf5 19. h4 Rg8 20. Bd2 Rg7 21. Rae1 O-O-O 22. Ra1 a6 23. Rae1 Re8 24. Qd3 Bd8 25. Kh1 Qd7 26. g3 Re7 27. Kg2 Qe8 28. Kh2 Nd7 29. Kg2 Bc7 30. Kh3 f6 31. Nf3 Re6 32. Kg2 Rge7 33. Kh2 Rh7 34. Kg2 Rg7 35. Kh2 Kb7 36. Kg2 Rge7 37. Kh2 Rf7 38. Kg2 Ree7 39. Kh2 Nf8 40. Kg2 Ne6 41. Kh2 Rd7 42. Kg2 Bb8 43. Re2 fxe5 44. Nxe5 Bxe5 45. Rxe5 Rf6 46. Rfe1 Qf7 47. Qf3 Kc7 48. Qe3 Re7 49. Bc1 Kd7 50. Ba3 Re8 51. Qd2 Nc7 52. Qf2 Rfe6 53. Bc1 Kc8 54. Qf3 Rxe5 55. fxe5 Ne6 56. Rf1 Qe7 57. Bd2 Rf8 58. Bf4 Kb7 59. Kh2 Rg8 60. Be3 Rf8 61. Bf4 Qh7 62. Kg2 Ka7 63. Rh1 Qe7 64. Rf1 Ka8 65. Kh2 Ka7 66. Kg2 Kb7 67. Qe3 Rg8 68. Bg5 Qf7 69. Rf2 Qc7 70. Rf1 Rg7 71. Bf6 Rg8 72. Bg5 Rg7 73. Bf6 Rh7 74. Qf3 Kc8 75. Kh2 Kd7 76. Kg1 Qc8 77. Kh2 Qg8 78. Kg2 Nf8 79. Qf4 Ke6 80. Qg5 Rf7 81. Qe3 Nh7 82. Bg5 Qe8 83. Bh6 Qd8 84. Bg5 Qe8 85. Bh6 Kd7 86. Re1 Qe6 87. Qf4 Nf6 88. Bg5 Ne4 89. Rc1 Rf8 90. Rc2 Re8 91. Kh2 Qg8 92. Kg2 Re6 93. Qe3 Qb8 94. Bf4 Qd8 95. Bg5 Qg8 96. Bf4 Re7 97. Bg5 Rf7 98. Bf4 Ke6 99. Bg5 Rf8 100. Bh6 Re8 101. Bf4 Qf7 102. Rc1 Qb7 103. Kh2 Rf8 104. Rc2 Rd8 105. Bg5 Rg8 106. Bf4 Rf8 107. Bh6 Rh8 108. Bf4 Qe7 109. Kg2 Rg8 110. Bg5 Qb7 111. Kh2 Rf8 112. Bh6 Rf7 113. Bf4 Qe7 114. Kg2 Rg7 115. Bg5 Qb7 116. Kh2 Rh7 117. Bf4 Qe7 118. Kg2 Rf7 119. Kh2 Rg7 120. Bg5 Qc7 121. Bh6 Rf7 122. Bf4 Qd8 123. Kg2 Qg8 124. Kh2 Rd7 125. Kg2 Qe8 126. Kh2 Rf7 127. Bg5 Kd7 128. Qf4 Ke6 129. Qe3 Kd7 130. Qf4 Qe6 131. Kg2 Kc7 1/2-1/2

[Event "Chigorin Memorial 2018"]
[Site "St. Petersburg"]
[Date "2018.10.27"]
[Round "1.66"]
[White "Saveliev, Alexei"]
[Black "Shadunts, Kirill"]
[Result "1-0"]
[WhiteElo "2365"]
[BlackElo "1907"]
[PlyCount "73"]
[EventDate "2018.10.27"]
[EventType "swiss"]
[EventCountry "RUS"]
[WhiteTeam "Russland"]
[BlackTeam "Russland"]
[WhiteTeamCountry "RUS"]
[BlackTeamCountry "RUS"]

1. e4 e6 2. d4 d5 3. Nc3 Bb4 4. e5 c5 5. a3 Bxc3+ 6. bxc3 Qa5 7. Bd2 Qa4 8. Qb1 c4 9. h4 Nc6 10. h5 h6 11. Ne2 Nge7 12. Nf4 Bd7 13. g3 O-O-O 14. Bh3 Rdf8 15. O-O b6 16. Kh2 Nd8 17. Qd1 g5 18. Ng2 f5 19. exf6 Rxf6 20. f4 Rg8 21. Rc1 gxf4 22. Rxf4 Rxf4 23. Bxf4 Nf7 24. Qe2 Ng5 25. Bxg5 Rxg5 26. Bxe6 Qxa3 27. Bxd7+ Kxd7 28. Re1 Qd6 29. Nf4 b5 30. Qg2 Qf6 31. Re6 Rxh5+ 32. Kg1 Qf7 33. Rxe7+ Qxe7 34. Nxh5 Kd6 35. Nf4 Qf7 36. Qh3 Qf6 37. Qc8 1-0

[Event "Chigorin Memorial 2018"]
[Site "St. Petersburg"]
[Date "2018.10.27"]
[Round "1.67"]
[White "Rubtsov, Aleksandr"]
[Black "Yatzenko, Anton"]
[Result "1-0"]
[WhiteElo "1900"]
[BlackElo "2351"]
[PlyCount "77"]
[EventDate "2018.10.27"]
[EventType "swiss"]
[EventCountry "RUS"]
[WhiteTeam "Russland"]
[BlackTeam "Russland"]
[WhiteTeamCountry "RUS"]
[BlackTeamCountry "RUS"]

1. e4 d6 2. d4 Nf6 3. Nc3 Nbd7 4. Bg5 e5 5. Nf3 c6 6. Qd2 Qc7 7. a4 Be7 8. Bc4 h6 9. Bh4 O-O 10. h3 Re8 11. O-O Nf8 12. Bg3 Ng6 13. Qe2 Bf8 14. dxe5 dxe5 15. Nh4 Nf4 16. Bxf4 exf4 17. Rfe1 Nd7 18. Bxf7+ Kxf7 19. Qh5+ Ke7 20. Nd5+ cxd5 21. exd5+ Kd6 22. Qxe8 Qc5 23. Ra3 Kc7 24. Rc3 Qxc3 25. bxc3 b6 26. Qe4 Bd6 27. Qg6 Nc5 28. Nf5 Bxf5 29. Qxf5 Rd8 30. Qf7+ Rd7 31. Qe8 Nb7 32. Qa8 Bc5 33. Re8 Nd8 34. Qxa7+ Kc8 35. Qa6+ Kc7 36. Qc4 Nb7 37. Qxf4+ Nd6 38. Ra8 b5 39. Qf8 1-0